Индикаторы "фазы" на современной элементной базе; Радиолюбитель; № 3

Podrobná bibliografie
Parent link:Радиолюбитель: научно-популярный журнал.— , 1995-2001
№ 3.— 1995.— С. 26-27
Hlavní autor: Шустов М. А. Михаил Анатольевич
Jazyk:ruština
Vydáno: 1995
Témata:
Médium: Kapitola
KOHA link:https://koha.lib.tpu.ru/cgi-bin/koha/opac-detail.pl?biblionumber=516556

MARC

LEADER 00000naa2a2200000 4500
001 516556
005 20231101105511.0
035 |a (RuTPU)RU\TPU\prd\194432 
035 |a RU\TPU\prd\194431 
090 |a 516556 
100 |a 20130903a1995 k y0rusy50 ca 
101 0 |a rus 
102 |a RU 
200 1 |a Индикаторы "фазы" на современной элементной базе  |f М. А. Шустов 
461 0 |0 (RuTPU)RU\TPU\prd\324  |t Радиолюбитель  |o научно-популярный журнал  |d 1995-2001 
463 0 |0 (RuTPU)RU\TPU\prd\188705  |t № 3  |v С. 26-27  |d 1995 
610 1 |a труды учёных ТПУ 
700 1 |a Шустов  |b М. А.  |c специалист в области электротехники  |c профессор Томского политехнического университета, доктор технических наук  |f 1952-  |g Михаил Анатольевич  |2 stltpush  |3 (RuTPU)RU\TPU\pers\30571 
801 1 |a RU  |b 63413507  |c 20130903 
801 2 |a RU  |b 63413507  |c 20130903  |g RCR 
942 |c BK